000 00419nam a22001697a 4500
003 BD-DhUIB
005 20251026150930.0
008 251026b |||||||| |||| 00| 0 eng d
040 _aBD-DhUIB
_cBD-DhUIB
050 _a332.0973
082 _222
100 _aRose and Marquis.
_91054
245 _aMoney and capital markets:
_bmarket place/
_cby Marquis, Rose.
250 _a9th ed.
526 _aBBA.
942 _2ddc
_cBK
999 _c617
_d617